The tortilla factory / (Record no. 6897)

MARC details
000 -LEADER
fixed length control field 01108nam a22003017a 4500
001 - CONTROL NUMBER
control field 6897
003 - CONTROL NUMBER IDENTIFIER
control field FISKH
005 - DATE AND TIME OF LATEST TRANSACTION
control field 20250605093054.0
008 - FIXED-LENGTH DATA ELEMENTS--GENERAL INFORMATION
fixed length control field 250605b cb ||||| |||| 00| 0 eng d
020 ## - INTERNATIONAL STANDARD BOOK NUMBER
International Standard Book Number 9780152016982
040 ## - CATALOGING SOURCE
Original cataloging agency FISKH
Language of cataloging eng
Transcribing agency FISKH
Modifying agency FISKH
050 ## - LIBRARY OF CONGRESS CALL NUMBER
Classification number TX770.T65 P38
082 ## - DEWEY DECIMAL CLASSIFICATION NUMBER
Classification number 641.8
100 ## - MAIN ENTRY--PERSONAL NAME
Personal name Pailsen, Gary
Dates associated with a name (1939–2021)
245 ## - TITLE STATEMENT
Title The tortilla factory /
Statement of responsibility, etc. Gary Paulsen ; Paintings by Ruth Wright Paulsen
250 ## - EDITION STATEMENT
Edition statement This edition first published in 1995
260 ## - PUBLICATION, DISTRIBUTION, ETC.
Place of publication, distribution, etc. Florida :
Name of publisher, distributor, etc. Voyager,
Date of publication, distribution, etc. 1995
300 ## - PHYSICAL DESCRIPTION
Extent 28 unnumbered pages :
Other physical details color illustrations ;
Dimensions 22 x 28 cm
505 ## - FORMATTED CONTENTS NOTE
Formatted contents note R<br/>
520 ## - SUMMARY, ETC.
Summary, etc. Shows a cycle of life--from seed to plant to tortilla, as workers till the soil, operate the clanking machinery of the factory, and drive the trucks that deliver the tortillas back into the hands that will plant the yellow seeds.<br/>
521 8# - TARGET AUDIENCE NOTE
Target audience note 670<br/>
Source Lexile<br/>
521 8# - TARGET AUDIENCE NOTE
Target audience note R<br/>
Source Raz-Plus<br/>
650 ## - SUBJECT ADDED ENTRY--TOPICAL TERM
Source of heading or term Informational
Topical term or geographic name entry element Multicultural
650 ## - SUBJECT ADDED ENTRY--TOPICAL TERM
Source of heading or term Organization
Topical term or geographic name entry element Farming
700 ## - ADDED ENTRY--PERSONAL NAME
Personal name Paulsen, Wright Ruth
Dates associated with a name illustrator
942 ## - ADDED ENTRY ELEMENTS (KOHA)
Source of classification or shelving scheme Dewey Decimal Classification
Koha item type Books
Suppress in OPAC No
Holdings
Withdrawn status Lost status Source of classification or shelving scheme Damaged status Not for loan Collection Home library Current library Shelving location Date acquired Total Checkouts Full call number Barcode Date last seen Copy number Price effective from Koha item type
    Dewey Decimal Classification     Juvenile Fiction Footprints International School Library Network Toul Tom Poung Campus Footprints International School Library Network Toul Tom Poung Campus TTP Primary Orange Bookshelves 06/05/2025   PAU 641.8 TX770.T65 P38 2025-1524 06/05/2025 1 06/05/2025 Books